[Event "Bosnjaci op 21st"]
[Site "Bosnjaci"]
[Date "2016.01.08"]
[Round "8"]
[White "Ilisevic, Adam"]
[Black "Abdil, Halil"]
[Result "1-0"]
[WhiteElo "1863"]
[BlackElo "2194"]
[PlyCount "96"]
[EventDate "2016.01.03"]
[EventType "swiss"]
[EventRounds "9"]
[EventCountry "CRO"]
[SourceTitle "CBM 170 Extra"]
[Source "ChessBase"]
[SourceDate "2016.02.25"]
[SourceVersion "1"]
[SourceVersionDate "2016.02.25"]
[SourceQuality "1"]

1. e4 c5 2. d3 Nc6 3. Nc3 g6 4. Be3 d6 5. Qd2 Rb8 6. Nge2 e5 7. Nd5 Bg7 8. f3 Nge7 9. Bh6 0-0 10. Bxg7 Kxg7 11. g4 Nxd5 12. exd5 Ne7 13. c4 f5 14. h4 fxg4 15. h5 Rh8 16. hxg6 hxg6 17. Rxh8 Qxh8 18. Qg5 Qf8 19. fxg4 Qf6 20. Qxf6+ Kxf6 21. Ng3 Ng8 22. Ne4+ Ke7 23. Be2 Nf6 24. Nxf6 Kxf6 25. Kf2 b5 26. b3 bxc4 27. dxc4 Bd7 28. Kg3 a5 29. Rf1+ Kg7 30. Kh4 a4 31. Bd1 axb3 32. axb3 Ra8 33. Kg5 Ra1 34. Be2 Ra2 35. Bd1 Rd2 36. Bf3 Rd3 37. Be4 Rg3 38. Bf3 e4 39. Bd1 Rd3 40. Kf4 Rd4 41. Ke3 g5 42. Be2 Kg6 43. b4 Bxg4 44. Bxg4 Rxc4 45. bxc5 Rxc5 46. Be6 Rc4 47. Bf5+ Kf6 48. Bxe4+ Ke5 1-0

[Event "Bosnjaci op 21st"]
[Site "Bosnjaci"]
[Date "2016.01.03"]
[Round "1"]
[White "Ilisevic, Adam"]
[Black "Trbojevic, Mladen"]
[Result "0-1"]
[WhiteElo "1863"]
[BlackElo "2379"]
[PlyCount "96"]
[EventDate "2016.01.03"]
[EventType "swiss"]
[EventRounds "9"]
[EventCountry "CRO"]
[SourceTitle "CBM 170 Extra"]
[Source "ChessBase"]
[SourceDate "2016.02.25"]
[SourceVersion "1"]
[SourceVersionDate "2016.02.25"]
[SourceQuality "1"]

1. e4 e5 2. Nf3 Nc6 3. Bc4 Bc5 4. c3 Nf6 5. d3 0-0 6. 0-0 a6 7. a4 d5 8. exd5 Nxd5 9. h3 Bf5 10. b4 Be7 11. a5 Bf6 12. Qc2 Re8 13. Nbd2 Nxc3 14. Ne4 Nd4 15. Nxd4 exd4 16. Re1 Nxe4 17. dxe4 d3 18. Qb3 Bxa1 19. Bxf7+ Kh8 20. Bxe8 Qxe8 21. Bd2 Be6 22. Qxd3 Rd8 23. Qc2 Bd4 24. Qxc7 Bxf2+ 25. Kxf2 Rxd2+ 26. Ke3 Qd8 27. Qxd8+ Rxd8 28. Rc1 Kg8 29. Rc7 Rd7 30. Rc5 Kf7 31. b5 axb5 32. Rxb5 Bc4 33. Rb6 Ba6 34. Rb3 Ke6 35. Kf4 Rf7+ 36. Ke3 Rf1 37. Rc3 Kd6 38. Kd4 Rd1+ 39. Ke3 Ra1 40. Rc8 Rxa5 41. Rg8 Rg5 42. g4 Bc4 43. Rd8+ Kc7 44. Rd4 Rc5 45. Kf4 b5 46. e5 Be6 47. Rd6 Rc6 48. Rd1 b4 0-1

[Event "Bosnjaci op 19th"]
[Site "Bosnjaci"]
[Date "2014.01.03"]
[Round "1"]
[White "Mrkonjic, Nenad"]
[Black "Ilisevic, Adam"]
[Result "1-0"]
[WhiteElo "2376"]
[BlackElo "1871"]
[PlyCount "71"]
[EventDate "2014.01.03"]
[EventType "swiss"]
[EventRounds "9"]
[EventCountry "CRO"]
[SourceTitle "CBM 158 Extra"]
[Source "ChessBase"]
[SourceDate "2014.02.28"]
[SourceVersion "1"]
[SourceVersionDate "2014.02.28"]
[SourceQuality "1"]

1. d4 f5 2. g3 g6 3. Bg2 Nf6 4. c4 c6 5. Nc3 Bg7 6. Qd3 0-0 7. Nf3 d6 8. 0-0 h6 9. b4 Kh7 10. Bb2 Nbd7 11. d5 c5 12. a3 a5 13. b5 b6 14. Rae1 Ne5 15. Nxe5 dxe5 16. e4 Qd6 17. Qc2 Nd7 18. exf5 gxf5 19. g4 Kh8 20. gxf5 Nf6 21. f4 exf4 22. Bh3 Rg8 23. Kh1 Bd7 24. Ne4 Nxe4 25. Bxg7+ Rxg7 26. Qxe4 Rf8 27. Rxf4 Qf6 28. Qe5 Kh7 29. Rg4 Rxg4 30. Bxg4 Rf7 31. Qxf6 exf6 32. Re6 Rg7 33. Bh5 Bxe6 34. fxe6 f5 35. d6 f4 36. e7 1-0

[Event "Vukovar Srijem CupT 6th"]
[Site "Tompojevci"]
[Date "2013.03.09"]
[Round "3.3"]
[White "Ilisevic, Adam"]
[Black "Nikolic, Milenko"]
[Result "0-1"]
[WhiteElo "1863"]
[BlackElo "2060"]
[PlyCount "56"]
[EventDate "2013.03.08"]
[EventType "team-swiss"]
[EventRounds "5"]
[EventCountry "CRO"]
[SourceTitle "EXT 2014"]
[Source "ChessBase"]
[SourceDate "2013.11.20"]
[SourceVersion "1"]
[SourceVersionDate "2013.11.20"]
[SourceQuality "1"]
[WhiteTeam "Bosnjaci"]
[BlackTeam "Borovo Vukovar"]
[WhiteTeamCountry "CRO"]
[BlackTeamCountry "CRO"]

1. e4 e6 2. d4 d5 3. exd5 exd5 4. Be3 Bd6 5. Bd3 Ne7 6. Nc3 c6 7. Nf3 Bg4 8. h3 Bh5 9. g4 Bg6 10. Qd2 Nd7 11. a3 Qc7 12. h4 Nf6 13. Rg1 0-0-0 14. 0-0-0 Rhe8 15. Rde1 h5 16. gxh5 Bxh5 17. Ne5 Bxe5 18. dxe5 Ne4 19. Bxe4 dxe4 20. Bd4 Bf3 21. Nxe4 Bxe4 22. Qe3 Bg6 23. Bxa7 Nd5 24. Qb3 Rxe5 25. c4 Rxe1+ 26. Rxe1 Qf4+ 27. Be3 Nxe3 28. fxe3 Qe4 0-1

[Event "CRO Cup 21st"]
[Site "Sibenik"]
[Date "2012.05.17"]
[Round "2.121"]
[White "Ilisevic, Adam"]
[Black "Brigljevic, Milan"]
[Result "0-1"]
[WhiteElo "1870"]
[BlackElo "2234"]
[PlyCount "90"]
[EventDate "2012.05.16"]
[EventType "team-swiss"]
[EventRounds "6"]
[EventCountry "CRO"]
[SourceTitle "CBM 148 Extra"]
[Source "ChessBase"]
[SourceDate "2012.06.22"]
[SourceVersion "1"]
[SourceVersionDate "2012.06.22"]
[SourceQuality "1"]
[WhiteTeam "Bosnjaci"]
[BlackTeam "Sisak"]
[WhiteTeamCountry "CRO"]
[BlackTeamCountry "CRO"]

1. e4 c5 2. Nc3 Nc6 3. Nf3 g6 4. Be2 Bg7 5. 0-0 Nf6 6. d3 d6 7. h3 0-0 8. Be3 h6 9. Nh2 Nd4 10. Qd2 Kh7 11. Bd1 e5 12. f4 Ng8 13. Nd5 Be6 14. c3 Bxd5 15. exd5 Nf5 16. fxe5 Nxe3 17. Qxe3 Bxe5 18. Nf3 Bg7 19. Rb1 Qd7 20. Qd2 Ne7 21. c4 a5 22. d4 Qc7 23. b3 cxd4 24. Bc2 Rac8 25. Rbc1 Qc5 26. Bd3 Ng8 27. Ne1 Nf6 28. Nc2 Nd7 29. a4 Ne5 30. Rcd1 Rce8 31. Kh2 Qb6 32. Rb1 Qd8 33. Nxd4 Ng4+ 34. Kh1 Bxd4 35. Bxg6+ fxg6 36. Qxd4 Ne5 37. Qa7 Qc7 38. Rbd1 Kg7 39. Qd4 b6 40. Kh2 Rxf1 41. Rxf1 Rf8 42. Re1 Qc5 43. Qb2 Qf2 44. Qa1 Kh7 45. Qd1 Nf3+ 0-1